zpět

Detail výsledku týmu

Burger & Beer Brothers, Olomouc

Datum a čas kvízu

42.5 Celkem bodů Celkový počet nahraných bodů na tomto kvízu bez doplňovacích otázek.
1. Pořadí na kvízu Konečné umístění týmu na tomto kvízu.

Zaznamenané odpovědi

# Otázka Odpověď Body Výsledky
1. Ministr kultury Ota Klempíř ro... každou první neděli v měsíci 1
2. Ve čtvrtek krátce po půlnoci s... Artemis II 1
3. Která česká zpěvačka a herečka... Marta Jandová 1
4. Jeden evropský výrobce nákladn... Mercedes(-Benz) 0
5. „Všichni už jsou v Mexiku, Bue... 3:1 1
6. Vítězné téma facebookového hla... 1A 2D 3B 4C 0
7. Ve Formuli 1 můžeme občas zazn... A 1
8. Nejvíce velkých cen, k sezóně... A 1
9. Tato stáj působila ve Formuli... Benetton 0
10. Ve kterém státě se nachází záv... v Japonsku 0